000 01741nam a2200397 c 4500
003 BLK
005 20210921152001.0
008 180410b bul|||||r ||||||| ||bul||
010 _aKNG00153535000
020 _a978-954-319-137-6
_bиздат.: Шамбала
040 _aBLK
041 _aBUL
_cBUL
072 7 _2bullib
_aН20
_xРелигия. Теология Н
080 _aБудизъм. Ламаизъм. Джайнизъм. Подразделя се като 291
_b294.3
_x(510+520)
_z294.3(510+520)
100 1 _aНукария Кайтен
_eпърви автор
_9103986
700 1 _aДукова, Атлаза Костадинова
_eпрев. от англ.
_9329584
139 _aНукария Кайтен
_bН 95
245 1 0 _aРелигията на самураите
_bДзен-философията и обучението в Китай и Япония
_cНукария Кайтен; прев. от англ. Атлаза Костадинова Дукова.
257 _aJAP
260 София
_bШамбала
_c2009
_fПерник : Съперник
300 _a304 с.
_c22 см
380 _a2
490 1 _aПоредица Япония
500 _aОриг. загл. The Religion of the Samurai. A Study of Zen Philosophy and Discipline in China and Japan / Kaiten Nukariya.
650 4 _aДзен будизъм - Китай
_9328690
650 4 _aДзен будизъм - Япония
_9327881
651 4 _aКитай
_9242505
651 4 _aЯпония
_9179845
653 _aдзен-будизъм
659 _aН
852 _aЦб 266566
856 4 _qpdf
_u
856 4 _qpdf
_u
942 _cKNG
_n0
_04
944 _aCR
_c20.11.2013
_lф /
_kСимона_Петрова
944 _aED
_c20.09.2017
_lф /
_kЛюдмила_Стоянова
999 _c147326
_d147326